[Event "Êóáîê Ð.Ã.Íåæìåòäèíîâà - ýòàï Êóáêà Ðîñ"]
[Site "Êàçàíü, "]
[Date "2012.10.04"]
[Round "9.9"]
[White "Yuzhakov, Oleg"]
[Black "Chigaev, Maksim"]
[Result "1/2-1/2"]
[WhiteElo "2325"]
[BlackElo "2456"]
[PlyCount "80"]
[EventDate "2012.??.??"]

1. e4 c5 2. c3 e6 3. d4 d5 4. exd5 exd5 5. Nf3 Nc6 6. Bb5 Bd6 7. Be3 cxd4 8.
Bxd4 Nge7 9. Bxg7 Rg8 10. Be5 Bxe5 11. Nxe5 Qd6 12. Qh5 Be6 13. Nd2 O-O-O 14.
Nxc6 bxc6 15. Ba6+ Kb8 16. Qf3 c5 17. Bf1 d4 18. cxd4 cxd4 19. Bc4 Bxc4 20.
Nxc4 Qe6+ 21. Qe2 Rxg2 22. Qxe6 fxe6 23. Kf1 Rg6 24. Rg1 Rxg1+ 25. Kxg1 Ng6 26.
Re1 d3 27. f3 Kc7 28. Kf2 Rd5 29. Ke3 Rh5 30. Rh1 Rh3 31. Ke4 Nh4 32. Nd2 Kd6
33. a3 Nf5 34. Kxd3 Kd5 35. Re1 e5 36. Re2 Nd4 37. Rf2 Nxf3 38. Nxf3 e4+ 39.
Ke3 exf3 40. Rxf3 Rxh2 1/2-1/2

[Event "Êóáîê Ð.Ã.Íåæìåòäèíîâà - ýòàï Êóáêà Ðîñ"]
[Site "Êàçàíü, "]
[Date "2012.10.04"]
[Round "9.10"]
[White "Arslanov, Shamil"]
[Black "Sadykov, Ramil"]
[Result "1-0"]
[WhiteElo "2416"]
[BlackElo "2234"]
[PlyCount "61"]
[EventDate "2012.??.??"]

1. e4 e6 2. d4 d5 3. Nc3 Bb4 4. e5 c5 5. a3 Bxc3+ 6. bxc3 Ne7 7. Qg4 Qc7 8.
Qxg7 Rg8 9. Qxh7 cxd4 10. Ne2 Nbc6 11. f4 dxc3 12. Qd3 d4 13. Rb1 b6 14. Nxd4
Nxd4 15. Qxd4 Bb7 16. Rb3 Rc8 17. Rg1 Bd5 18. Bb5+ Kf8 19. Rb1 Rd8 20. Qf2 Bc4
21. a4 Bxb5 22. axb5 Qc4 23. Qe2 Qa4 24. Rb3 Nf5 25. Kf2 Nd4 26. Qe4 Qc4 27.
Rf1 f5 28. exf6 Kf7 29. Ba3 Qd5 30. Qh7+ Kxf6 31. Be7# 1-0

[Event "Êóáîê Ð.Ã.Íåæìåòäèíîâà - ýòàï Êóáêà Ðîñ"]
[Site "Êàçàíü, "]
[Date "2012.10.04"]
[Round "9.11"]
[White "Faizrakhmanov, Ramil"]
[Black "Ayupov, Damir"]
[Result "1/2-1/2"]
[WhiteElo "2290"]
[BlackElo "2362"]
[PlyCount "80"]
[EventDate "2012.??.??"]

1. d4 Nf6 2. c4 g6 3. Nc3 d5 4. Nf3 Bg7 5. Bg5 Ne4 6. Bf4 Nxc3 7. bxc3 O-O 8.
e3 c5 9. cxd5 Qxd5 10. Be2 cxd4 11. cxd4 Qa5+ 12. Qd2 Nc6 13. Qxa5 Nxa5 14. Bc7
b6 15. Kd2 Bb7 16. Rhc1 Rac8 17. Bb5 Bc6 18. Bxc6 Rxc7 19. Bb5 Rfc8 20. Ba6
Rxc1 21. Rxc1 Rxc1 22. Kxc1 e6 23. Ng5 Bf8 24. Ne4 Be7 25. g3 f6 26. Kb2 Kf7
27. Bb5 Nb7 28. Ba6 Nd6 29. Nxd6+ Bxd6 30. Kc2 h5 31. h3 e5 32. dxe5 Bxe5 33.
Kd3 Ke7 34. Bb5 a5 35. a4 Bd6 36. Bc6 f5 37. e4 Kf6 38. exf5 Kxf5 39. Bd7+ Kf6
40. h4 Bc5 1/2-1/2

[Event "Êóáîê Ð.Ã.Íåæìåòäèíîâà - ýòàï Êóáêà Ðîñ"]
[Site "Êàçàíü, "]
[Date "2012.10.04"]
[Round "9.13"]
[White "Demianjuk, Alexander"]
[Black "Ismailov, Mukhit"]
[Result "1-0"]
[WhiteElo "2324"]
[BlackElo "2209"]
[PlyCount "121"]
[EventDate "2012.??.??"]

1. e4 c5 2. Nf3 e6 3. d4 cxd4 4. Nxd4 a6 5. Bd3 Qc7 6. O-O Nf6 7. Qe2 d6 8. c4
g6 9. Nc3 Bg7 10. Rd1 O-O 11. Bc2 Nfd7 12. Nf3 Nc6 13. Bf4 Nde5 14. Bb3 b6 15.
Rac1 Na5 16. Nxe5 dxe5 17. Be3 Rb8 18. f3 Rd8 19. Rxd8+ Qxd8 20. Ba4 Qc7 21. b4
Nb7 22. Qf2 Bf8 23. a3 Nd8 24. Nb1 Nc6 25. Bxc6 Qxc6 26. c5 bxc5 27. Bxc5 a5
28. Qe3 Bxc5 29. Rxc5 Qd7 30. Qd2 axb4 31. axb4 Qxd2 32. Nxd2 Ba6 33. Rc6 Bb5
34. Rc2 Kf8 35. Kf2 Ke7 36. Ke3 Kd6 37. Rc5 Be8 38. Nc4+ Ke7 39. Rc7+ Kd8 40.
Ra7 Rxb4 41. Nd6 Rb8 42. g4 f6 43. g5 fxg5 44. Rxh7 Rb6 45. Nc4 Rb5 46. Rh8 Kd7
47. Kf2 Rc5 48. Ne3 Ke7 49. Rh7+ Kf8 50. Ng4 Bb5 51. Kg3 Be2 52. Ra7 Rb5 53.
Ra2 Bc4 54. Rc2 Bd3 55. Rc3 Bb1 56. h4 gxh4+ 57. Kxh4 Rb4 58. Nf6 Ke7 59. Kg5
Rb2 60. Rc7+ Kd6 61. Ne8# 1-0

[Event "Êóáîê Ð.Ã.Íåæìåòäèíîâà - ýòàï Êóáêà Ðîñ"]
[Site "Êàçàíü, "]
[Date "2012.10.04"]
[Round "9.14"]
[White "Timofeev, Artyom"]
[Black "Vlasenko, Miroslav"]
[Result "1-0"]
[WhiteElo "2640"]
[BlackElo "2400"]
[PlyCount "101"]
[EventDate "2012.??.??"]

1. e4 Nc6 2. Nf3 d6 3. d4 Nf6 4. Nbd2 Bg4 5. c3 e6 6. Bd3 Be7 7. O-O O-O 8. Re1
e5 9. h3 Bh5 10. d5 Nb8 11. c4 Nfd7 12. g4 Bg6 13. Nf1 c6 14. Ng3 b5 15. cxb5
cxd5 16. exd5 a6 17. b4 axb5 18. Bxb5 f5 19. gxf5 Bxf5 20. Nxf5 Rxf5 21. Bd3
Rf7 22. a4 Nf8 23. a5 Ng6 24. Bxg6 hxg6 25. Re4 Nd7 26. Rg4 Qc7 27. Ng5 Bxg5
28. Bxg5 Raf8 29. Be3 Nf6 30. Rxg6 Qc3 31. Rb1 Nxd5 32. Qxd5 Qc2 33. Rg4 Qxb1+
34. Kg2 Qa1 35. Qxd6 Qa2 36. Qc5 Qe2 37. Qc4 Qf3+ 38. Kh2 Qa8 39. a6 Rc8 40.
Qa2 Qc6 41. Qe2 Qa4 42. b5 e4 43. b6 Rc2 44. Qf1 Qb3 45. b7 Rfxf2+ 46. Qxf2
Rxf2+ 47. Bxf2 e3 48. Bxe3 Qb2+ 49. Rg2 Qe5+ 50. Kh1 Qb5 51. Bf2 1-0

[Event "Êóáîê Ð.Ã.Íåæìåòäèíîâà - ýòàï Êóáêà Ðîñ"]
[Site "Êàçàíü, "]
[Date "2012.10.04"]
[Round "9.15"]
[White "Iskusnyh, Sergei"]
[Black "Gerasimov, Ivan"]
[Result "1-0"]
[WhiteElo "2486"]
[BlackElo "2330"]
[PlyCount "101"]
[EventDate "2012.??.??"]

1. d4 Nf6 2. c4 e6 3. g3 Bb4+ 4. Bd2 a5 5. Bg2 O-O 6. e4 c5 7. Ne2 d6 8. O-O
Bxd2 9. Qxd2 Nc6 10. d5 exd5 11. cxd5 Ne5 12. Na3 a4 13. f4 Ng6 14. Nc3 Ne8 15.
Rfe1 f6 16. h4 Bg4 17. Nc4 Bd7 18. h5 Ne7 19. e5 fxe5 20. fxe5 b5 21. Nxd6 Nxd6
22. exd6 Nf5 23. g4 Nxd6 24. Ne4 Bxg4 25. h6 c4 26. Nxd6 Qxd6 27. Qd4 Rf6 28.
Qxg4 Qc5+ 29. Kh2 Rg6 30. Qe4 Rf8 31. Re3 Rxh6+ 32. Kg1 Qd6 33. Qe5 Qd8 34. Rf1
Rxf1+ 35. Kxf1 Qf6+ 36. Kg1 Qxe5 37. Rxe5 Kf7 38. Kf2 a3 39. bxa3 Ra6 40. Re3
h5 41. Kf3 g5 42. Ke4 g4 43. Ke5 Ke7 44. Be4 Rh6 45. Bf5 Rf6 46. Rc3 Ra6 47.
Be6 Rxe6+ 48. dxe6 h4 49. Kf4 Kxe6 50. a4 g3 51. Kf3 1-0

[Event "Êóáîê Ð.Ã.Íåæìåòäèíîâà - ýòàï Êóáêà Ðîñ"]
[Site "Êàçàíü, "]
[Date "2012.10.04"]
[Round "9.16"]
[White "Isajevsky, Anton"]
[Black "Glukhov, Alexander"]
[Result "1-0"]
[WhiteElo "2427"]
[BlackElo "2150"]
[PlyCount "79"]
[EventDate "2012.??.??"]

1. d4 d5 2. Bf4 c5 3. e4 e6 4. Nc3 Nf6 5. Nb5 Na6 6. e5 Nd7 7. Nf3 f6 8. c3 Be7
9. dxc5 Ndxc5 10. Be2 O-O 11. O-O Bd7 12. Rc1 Qb6 13. Nfd4 Ne4 14. b4 fxe5 15.
Bxe5 Nd6 16. a4 Nxb5 17. Bxb5 Bxb5 18. axb5 Nb8 19. Qg4 Bf6 20. Rfe1 Nd7 21.
Bxf6 Rxf6 22. Rxe6 Rxe6 23. Qxe6+ Qxe6 24. Nxe6 Rc8 25. Kf1 Kf7 26. Nd4 Nf8 27.
Ke2 Ne6 28. Ke3 Rc4 29. Nxe6 Kxe6 30. Kd3 Kd6 31. Ra1 Kc7 32. Rxa7 Rf4 33. f3
Kb6 34. Ra8 Kxb5 35. Rg8 Rf7 36. Kd4 Kc6 37. Rd8 Kc7 38. Rh8 h6 39. Kxd5 Rf5+
40. Ke4 1-0

[Event "Êóáîê Ð.Ã.Íåæìåòäèíîâà - ýòàï Êóáêà Ðîñ"]
[Site "Êàçàíü, "]
[Date "2012.10.04"]
[Round "9.17"]
[White "Makhmutov, Rail"]
[Black "Shurakov, Denis"]
[Result "0-1"]
[WhiteElo "2399"]
[BlackElo "2280"]
[PlyCount "76"]
[EventDate "2012.??.??"]

1. Nf3 Nf6 2. c4 g6 3. g3 Bg7 4. Bg2 O-O 5. O-O d5 6. cxd5 Nxd5 7. d4 c5 8.
dxc5 Na6 9. c6 bxc6 10. Nbd2 Nb6 11. a3 Be6 12. Qc2 c5 13. Rd1 Rc8 14. Ne4 Qe8
15. Nc3 Nb4 16. axb4 cxb4 17. Nd4 bxc3 18. bxc3 Bd7 19. Qd2 a5 20. Ba3 Nc4 21.
Qe1 Nxa3 22. Rxa3 a4 23. e4 Rc5 24. Nc2 Qc8 25. Rd3 Bb5 26. Re3 Qc7 27. Bf1 Bd7
28. Nb4 Ra5 29. Rd3 Rc8 30. Nd5 Qc5 31. Nb4 Be6 32. Qd1 Bb3 33. Rxb3 axb3 34.
Qxb3 Raa8 35. Rd7 e6 36. Na6 Qc6 37. Bb5 Qxc3 38. Qxc3 Rxc3 0-1

[Event "Êóáîê Ð.Ã.Íåæìåòäèíîâà - ýòàï Êóáêà Ðîñ"]
[Site "Êàçàíü, "]
[Date "2012.10.04"]
[Round "9.18"]
[White "Ponfilenok, Vladimir"]
[Black "Yeletsky, Ivan"]
[Result "1/2-1/2"]
[WhiteElo "2392"]
[BlackElo "2099"]
[PlyCount "94"]
[EventDate "2012.??.??"]

1. d4 d5 2. Nf3 c6 3. c4 e6 4. Qc2 Nf6 5. g3 dxc4 6. Qxc4 b5 7. Qc2 Bb7 8. Bg2
Nbd7 9. a4 b4 10. Ne5 Nxe5 11. dxe5 Nd7 12. b3 Nxe5 13. Bb2 Bd6 14. Nd2 O-O 15.
Ne4 c5 16. Ng5 Qxg5 17. Bxb7 Rab8 18. f4 Qe7 19. Be4 Ng4 20. Bxh7+ Kh8 21. h3
Ne3 22. Qd3 Bxf4 23. gxf4 Qh4+ 24. Kd2 Rbd8 25. Rag1 Rxd3+ 26. Bxd3 e5 27. Bxe5
f6 28. Bd6 Re8 29. Rg6 c4 30. bxc4 Nxc4+ 31. Bxc4 Rd8 32. Ke3 Rxd6 33. Rhg1 Rc6
34. Rxg7 Qxh3+ 35. R7g3 Qxg3+ 36. Rxg3 Rxc4 37. Kd2 Rxf4 38. a5 Rf5 39. Rg4 Rb5
40. Kc2 Rxa5 41. Rxb4 Kg7 42. Kd3 Ra2 43. e4 Kg6 44. Rb5 a6 45. Rc5 a5 46. e5
Kf5 47. exf6+ Kxf6 1/2-1/2

[Event "Êóáîê Ð.Ã.Íåæìåòäèíîâà - ýòàï Êóáêà Ðîñ"]
[Site "Êàçàíü, "]
[Date "2012.10.04"]
[Round "9.19"]
[White "Ivanov, Oleg"]
[Black "Charochkina, Daria"]
[Result "1/2-1/2"]
[WhiteElo "2177"]
[BlackElo "2366"]
[PlyCount "137"]
[EventDate "2012.??.??"]

1. d4 Nf6 2. c4 g6 3. Nc3 d5 4. cxd5 Nxd5 5. e4 Nxc3 6. bxc3 Bg7 7. Bc4 c5 8.
Be3 O-O 9. Ne2 Nc6 10. O-O Qc7 11. Qc1 Rd8 12. Rd1 Na5 13. Bd3 b6 14. dxc5 Bg4
15. f3 Be6 16. Nf4 Be5 17. cxb6 axb6 18. Nxe6 Bxh2+ 19. Kh1 fxe6 20. Bxb6 Qe5
21. Qh6 Bf4 22. Qh3 Rdc8 23. Bd4 Qd6 24. Rab1 e5 25. Rb6 Rc6 26. Rxc6 Qxc6 27.
Bg1 Rf8 28. Bc2 g5 29. g3 Rf6 30. Rd8+ Kg7 31. Qc8 Qxc8 32. Rxc8 Bxg3 33. Kg2
Bf4 34. Rc7 Rd6 35. Rxe7+ Kf6 36. Ra7 Rd2+ 37. Kh3 Rxc2 38. Ra6+ Kf7 39. Rxa5
h5 40. Ra3 g4+ 41. fxg4 hxg4+ 42. Kh4 Re2 43. Ra7+ Ke6 44. Ra6+ Kd7 45. c4 g3
46. Ra7+ Kc6 47. Ra6+ Kb7 48. Ra7+ Kb8 49. Rg7 Rxe4 50. Ba7+ Ka8 51. Kh3 Rxc4
52. a3 Rc3 53. a4 Ra3 54. Kg2 Rxa4 55. Bc5 Rc4 56. Bb6 Kb8 57. Kf3 Kc8 58. Ba5
Rc5 59. Be1 Bh6 60. Rg6 g2 61. Kxg2 Be3 62. Kf3 Bd4 63. Ke4 Rc1 64. Bg3 Ba1 65.
Rg7 Rc4+ 66. Kd5 Rd4+ 67. Kc6 Rc4+ 68. Kd5 Ra4 69. Bxe5 1/2-1/2

[Event "Êóáîê Ð.Ã.Íåæìåòäèíîâà - ýòàï Êóáêà Ðîñ"]
[Site "Êàçàíü, "]
[Date "2012.10.04"]
[Round "9.20"]
[White "Toropov, Pavel"]
[Black "Nizamov, Bulat"]
[Result "1/2-1/2"]
[WhiteElo "2261"]
[BlackElo "1901"]
[PlyCount "103"]
[EventDate "2012.??.??"]

1. c4 e5 2. Nc3 Nf6 3. g3 d5 4. cxd5 Nxd5 5. Bg2 Nb6 6. d3 Be7 7. b3 Nc6 8. Bb2
Be6 9. Bxc6+ bxc6 10. Nf3 f6 11. d4 Nd7 12. O-O O-O 13. Qc2 Bd6 14. Rfd1 Qe8
15. Ne4 Bd5 16. dxe5 Nxe5 17. Nxe5 fxe5 18. Rac1 Qf7 19. f3 Qf5 20. Kg2 Rad8
21. Rf1 Bb4 22. Rcd1 Ba5 23. Ba3 Rfe8 24. Bc1 Qg6 25. h4 Bb6 26. Bg5 Rb8 27.
Qd3 a5 28. Nc3 e4 29. Nxe4 Rxe4 30. Kh2 Rd4 31. Qc3 Rxd1 32. Rxd1 h6 33. Bf4
Rf8 34. e4 Rxf4 35. exd5 Qf6 36. Rd3 Qxc3 37. Rxc3 Rd4 38. dxc6 Rd2+ 39. Kh3
Rxa2 40. Kg4 Ra3 41. Rd3 a4 42. Rd8+ Kh7 43. bxa4 Rxa4+ 44. f4 Rc4 45. Rd7 Rxc6
46. f5 Rd6 47. Re7 c5 48. Kh5 Bd8 49. Rb7 Rd3 50. Rb8 Bf6 51. Rc8 Rxg3 52. Rh8+
1/2-1/2

[Event "Êóáîê Ð.Ã.Íåæìåòäèíîâà - ýòàï Êóáêà Ðîñ"]
[Site "Êàçàíü, "]
[Date "2012.10.04"]
[Round "9.21"]
[White "Elistratov, Semen"]
[Black "Shaydullina, Sandugach"]
[Result "0-1"]
[WhiteElo "2000"]
[BlackElo "2162"]
[PlyCount "114"]
[EventDate "2012.??.??"]

1. e4 c5 2. Nf3 a6 3. c3 d5 4. exd5 Qxd5 5. d4 e6 6. Be2 Nf6 7. O-O cxd4 8.
cxd4 Nc6 9. Nc3 Qd6 10. Bg5 Be7 11. Bd3 O-O 12. Bc2 Rd8 13. Ne2 Nd5 14. Qd3 g6
15. Bxe7 Qxe7 16. a3 e5 17. Nxe5 Nxe5 18. dxe5 Nb4 19. Qc3 Nxc2 20. Qxc2 Bf5
21. Qb3 Qxe5 22. Nc3 b5 23. Rfe1 Qc5 24. Ne4 Qc4 25. Qxc4 bxc4 26. Rac1 Rd4 27.
f3 Rb8 28. Rc2 Kg7 29. Kf2 Rb3 30. Re3 Bxe4 31. fxe4 Kf6 32. Rf3+ Ke6 33. Re2
a5 34. e5 Rxf3+ 35. gxf3 Kf5 36. Kg3 g5 37. Kg2 h5 38. h3 Rd5 39. Re4 Rd2+ 40.
Kg1 Rxb2 41. Rxc4 Rb3 42. Rc5 Kf4 43. Rxa5 Rxf3 44. Kg2 Rg3+ 45. Kh2 Re3 46. h4
g4 47. Ra7 Re2+ 48. Kg1 Kg3 49. Rxf7 Rxe5 50. Rf1 Kxh4 51. a4 g3 52. Ra1 Ra5
53. Kg2 Kg4 54. Ra3 h4 55. Ra2 h3+ 56. Kh1 Rf5 57. Ra1 g2+ 0-1

[Event "Êóáîê Ð.Ã.Íåæìåòäèíîâà - ýòàï Êóáêà Ðîñ"]
[Site "Êàçàíü, "]
[Date "2012.10.04"]
[Round "9.22"]
[White "Severina, Maria"]
[Black "Murtazin, Bulat"]
[Result "1-0"]
[WhiteElo "2173"]
[BlackElo "2012"]
[PlyCount "137"]
[EventDate "2012.??.??"]

1. Nf3 Nf6 2. c4 e6 3. Nc3 b6 4. g3 Bb7 5. Bg2 Bb4 6. Qc2 O-O 7. O-O d6 8. a3
Bxc3 9. Qxc3 Nbd7 10. b4 e5 11. Bb2 Rb8 12. d3 Ne8 13. e4 c5 14. Nh4 Rc8 15. b5
Nc7 16. f4 Ne6 17. f5 Nd4 18. Rae1 Qe7 19. Bc1 a6 20. f6 Nxf6 21. Bg5 Nd5 22.
Bxe7 Nxc3 23. Bxf8 Rxf8 24. Nf5 Nc2 25. Rc1 Ne2+ 26. Kf2 Nxc1 27. Rxc1 Nd4 28.
Nxd6 Rb8 29. bxa6 Bxa6 30. Rb1 g6 31. Ke3 f6 32. a4 Nc6 33. Rf1 Kg7 34. Bh3 Nb4
35. Bd7 Kf8 36. Bg4 Ke7 37. Nb5 Bxb5 38. axb5 Ra8 39. Rf2 Ra3 40. Rd2 Ra1 41.
Bc8 Kf7 42. Bb7 f5 43. exf5 gxf5 44. Rf2 Kg6 45. Bc8 f4+ 46. gxf4 exf4+ 47.
Rxf4 Nc2+ 48. Kf2 Ra2 49. Rg4+ Kf6 50. Rh4 Kg6 51. Rg4+ Kf6 52. Rf4+ Kg6 53.
Bf5+ Kh6 54. Be4 Nd4+ 55. Kf1 Kg5 56. Rf2 Ra7 57. Kg2 Re7 58. Kg3 Ne6 59. Ra2
Nd4 60. Ra6 Re6 61. Ra7 h6 62. Rg7+ Kf6 63. Rh7 Ke5 64. Kg4 Ne2 65. Bf5 Re8 66.
Rxh6 Nf4 67. Be4 Rg8+ 68. Kf3 Ne6 69. Rxe6+ 1-0

[Event "Êóáîê Ð.Ã.Íåæìåòäèíîâà - ýòàï Êóáêà Ðîñ"]
[Site "Êàçàíü, "]
[Date "2012.10.04"]
[Round "9.23"]
[White "Sazonova, Anastasia"]
[Black "Merkushev, Dmitry"]
[Result "1-0"]
[WhiteElo "2067"]
[BlackElo "2130"]
[PlyCount "63"]
[EventDate "2012.??.??"]

1. e4 d6 2. d4 Nf6 3. Nc3 e5 4. Nge2 Be7 5. h3 O-O 6. g3 Re8 7. Bg2 c6 8. a4
Na6 9. O-O Bf8 10. g4 Nb4 11. Be3 a5 12. Ng3 g6 13. Nce2 Bg7 14. c3 Na6 15. Qd2
Be6 16. g5 Nh5 17. Nxh5 gxh5 18. Ng3 h4 19. Nh5 exd4 20. Bxd4 Bxh3 21. Bxh3
Bxd4 22. cxd4 Kf8 23. Nf6 Re7 24. Nxh7+ Kg7 25. Bf5 d5 26. Qf4 dxe4 27. Bxe4
Re6 28. Bf5 Re7 29. Rfe1 Nb4 30. Qxh4 Rxe1+ 31. Rxe1 Qd6 32. Nf6 1-0

[Event "Êóáîê Ð.Ã.Íåæìåòäèíîâà - ýòàï Êóáêà Ðîñ"]
[Site "Êàçàíü, "]
[Date "2012.10.04"]
[Round "9.25"]
[White "Trapeznikova, Darya"]
[Black "Vafin, Ayrat"]
[Result "0-1"]
[WhiteElo "2069"]
[BlackElo "2161"]
[PlyCount "60"]
[EventDate "2012.??.??"]

1. d4 Nf6 2. c4 e6 3. Nf3 d5 4. g3 dxc4 5. Bg2 Nc6 6. Qa4 Bb4+ 7. Bd2 Bd6 8.
Na3 Bxa3 9. bxa3 O-O 10. Qxc4 Qe7 11. Bb4 Nxb4 12. axb4 a5 13. bxa5 Rxa5 14.
O-O Nd5 15. Rfc1 c6 16. Ne5 f6 17. Nd3 Kh8 18. Rab1 Qa3 19. Rc2 Qd6 20. Nc5 Ra7
21. Rcb2 b6 22. Na4 Ba6 23. Qc2 Bb5 24. Bxd5 Rxa4 25. Be4 Rxd4 26. Bxh7 f5 27.
Bg6 e5 28. e3 Rc4 29. Qb3 Qxg6 30. a4 Rxa4 0-1

[Event "Êóáîê Ð.Ã.Íåæìåòäèíîâà - ýòàï Êóáêà Ðîñ"]
[Site "Êàçàíü, "]
[Date "2012.10.04"]
[Round "9.26"]
[White "Shkuro, Alexandr"]
[Black "Bakunin, Damir"]
[Result "1-0"]
[WhiteElo "2030"]
[BlackElo "2024"]
[PlyCount "41"]
[EventDate "2012.??.??"]

1. d4 d5 2. Nf3 Nf6 3. e3 c5 4. c3 Nc6 5. Bd3 e6 6. O-O Bd6 7. Nbd2 cxd4 8.
exd4 O-O 9. Re1 Qc7 10. Nf1 h6 11. Qe2 Nd7 12. Ne3 Re8 13. Nxd5 Qb8 14. Qe4 Nf8
15. Qh4 Bd7 16. Ne3 Ne7 17. Ng4 Neg6 18. Qh5 Bc6 19. Nfe5 Nxe5 20. dxe5 Bc5 21.
Bxh6 1-0

[Event "Êóáîê Ð.Ã.Íåæìåòäèíîâà - ýòàï Êóáêà Ðîñ"]
[Site "Êàçàíü, "]
[Date "2012.10.04"]
[Round "9.27"]
[White "Jusupov, Tabris"]
[Black "Rumiantseva, Ksenia"]
[Result "1/2-1/2"]
[WhiteElo "1954"]
[BlackElo "1913"]
[PlyCount "111"]
[EventDate "2012.??.??"]

1. d4 d5 2. c4 c6 3. e3 Nf6 4. Nc3 a6 5. c5 Nbd7 6. Nf3 Qc7 7. b4 e5 8. Qc2 Be7
9. Be2 O-O 10. O-O e4 11. Nd2 Re8 12. f3 exf3 13. Bxf3 Nf8 14. e4 Ne6 15. exd5
Nxd4 16. Qd3 Nxf3+ 17. Qxf3 Bg4 18. Qf2 cxd5 19. Nxd5 Qe5 20. Nxe7+ Rxe7 21.
Nb3 Qd5 22. Qd4 Rae8 23. Qxd5 Nxd5 24. Bd2 Re4 25. Rae1 Rxe1 26. Rxe1 Rxe1+ 27.
Bxe1 Kf8 28. Na5 Bc8 29. Nc4 Bd7 30. Nd6 Bc6 31. a4 Nc7 32. Bg3 Bxa4 33. Nxb7
Nd5 34. Be1 Ke7 35. Nd6 Ke6 36. Kf2 f5 37. Bd2 h6 38. Ke2 g5 39. Kd3 f4 40. Kd4
g4 41. Ne4 Bd1 42. Nc3 Nxc3 43. Kxc3 f3 44. gxf3 gxf3 45. Be3 h5 46. Kd2 Be2
47. Bf2 Bb5 48. Ke3 Bc6 49. Kf4 Kf6 50. Bd4+ Ke6 51. h4 Kd5 52. Bf2 Kc4 53. Be1
Kd3 54. Kg3 Ke2 55. Bf2 Bb7 56. Bd4 1/2-1/2